| 000 -LEADER |
| fixed length control field |
01410cam a2200337 i 4500 |
| 001 - CONTROL NUMBER |
| control field |
20386871 |
| 005 - DATE AND TIME OF LATEST TRANSACTION |
| control field |
20221105204922.0 |
| 008 - FIXED-LENGTH DATA ELEMENTS--GENERAL INFORMATION |
| fixed length control field |
180302s2019 nyua 000 0 eng |
| 020 ## - INTERNATIONAL STANDARD BOOK NUMBER |
| International Standard Book Number |
9781626234017 (hardcover) 1 |
| 041 ## - LANGUAGE CODE |
| Language code of text/sound track or separate title |
eng |
| 080 ## - UNIVERSAL DECIMAL CLASSIFICATION NUMBER |
| Universal Decimal Classification number |
616-053.2 P-36 |
| 245 10 - TITLE STATEMENT |
| Title |
Pediatric audiology : |
| Remainder of title |
diagnosis, technology, and management / |
| Statement of responsibility, etc. |
[edited by] Jane R. Madell , Carol Flexer, Jace Wolfe, Erin C. Schafer. |
| 250 ## - EDITION STATEMENT |
| Edition statement |
Third edition. |
| 264 #1 - PRODUCTION, PUBLICATION, DISTRIBUTION, MANUFACTURE, AND COPYRIGHT NOTICE |
| Place of production, publication, distribution, manufacture |
New York : |
| Name of producer, publisher, distributor, manufacturer |
Thieme, |
| Date of production, publication, distribution, manufacture, or copyright notice |
2019. |
| 300 ## - PHYSICAL DESCRIPTION |
| Extent |
408 pages : |
| Other physical details |
illustrations, : |
| Dimensions |
29 cm. |
| 650 12 - SUBJECT ADDED ENTRY--TOPICAL TERM |
| Topical term or geographic name entry element |
Hearing Disorders |
| General subdivision |
diagnosis |
| 9 (RLIN) |
10953 |
| 650 22 - SUBJECT ADDED ENTRY--TOPICAL TERM |
| Topical term or geographic name entry element |
Correction of Hearing Impairment |
| 9 (RLIN) |
10954 |
| 650 22 - SUBJECT ADDED ENTRY--TOPICAL TERM |
| Topical term or geographic name entry element |
Hearing Tests |
| 9 (RLIN) |
10955 |
| 650 22 - SUBJECT ADDED ENTRY--TOPICAL TERM |
| Topical term or geographic name entry element |
Education of Hearing Disabled |
| 9 (RLIN) |
10956 |
| 650 22 - SUBJECT ADDED ENTRY--TOPICAL TERM |
| Topical term or geographic name entry element |
Infant |
| 9 (RLIN) |
10957 |
| 650 22 - SUBJECT ADDED ENTRY--TOPICAL TERM |
| Topical term or geographic name entry element |
Child |
| 9 (RLIN) |
10958 |
| 653 ## - INDEX TERM--UNCONTROLLED |
| keyword |
პედიატრული აუდიოლოგია |
| 653 ## - INDEX TERM--UNCONTROLLED |
| keyword |
მედიცინა |
| 653 ## - INDEX TERM--UNCONTROLLED |
| keyword |
დიაგნოზი, ტექნოლოგია და მართვა |
| 653 ## - INDEX TERM--UNCONTROLLED |
| keyword |
სმენის დაქვეითების კორექცია |
| 700 1# - ADDED ENTRY--PERSONAL NAME |
| Personal name |
Madell, Jane Reger, |
| Relator term |
რედაქტორი |
| 9 (RLIN) |
10959 |
| 700 1# - ADDED ENTRY--PERSONAL NAME |
| Personal name |
Flexer, Carol Ann, |
| Relator term |
რედაქტორი |
| 9 (RLIN) |
10960 |
| 700 1# - ADDED ENTRY--PERSONAL NAME |
| Personal name |
Wolfe, Jace, |
| Relator term |
რედაქტორი |
| 9 (RLIN) |
10961 |
| 700 1# - ADDED ENTRY--PERSONAL NAME |
| Personal name |
Schafer, Erin C, |
| Relator term |
რედაქტორი |
| 9 (RLIN) |
10962 |
| 942 ## - ADDED ENTRY ELEMENTS (KOHA) |
| Source of classification or shelving scheme |
|
| Koha item type |
წიგნი |